| 000 | 01281nam a22002417a 4500 | ||
|---|---|---|---|
| 999 |
_c1103 _d1103 |
||
| 005 | 20211005093614.0 | ||
| 008 | 211005b ||||| |||| 00| 0 eng d | ||
| 020 |
_a9781786540201 _qpbk. ; |
||
| 040 | _cKH8 | ||
| 082 | _aFIC BRA | ||
| 100 |
_aBracken, Alexandra _eauthor |
||
| 245 |
_aIn the after life / _cAlexandra Bracken |
||
| 260 |
_aLondon, England : _bQuercus, _c2016. ©2014. |
||
| 300 |
_a582 pages ; _c 20 cm. |
||
| 440 |
_aThe Darkest Minds ; _nBook 3. |
||
| 500 | _aOriginally published: Hyperion, 2014. | ||
| 520 | _aThe fate of a generation lies in Ruby's hands - and one wrong move could set the world on fire. One of the few survivors of a disease that killed most of America's children, Ruby has emerged as Leader of the rebel group determined to bring the government down. Torn apart by the unbearable loss of Liam, she forms an unlikely alliance with his brother, Cole. But whatever their differences, Ruby and Cole are united by a clear mission: there are thousands like them still suffering in 'rehabilitation camps'. It's up to Ruby to set them free. | ||
| 650 | _2Psychic ability -- Juvenile fiction. | ||
| 650 | _aInsurgency -- Juvenile fiction. | ||
| 650 | _aSurvival -- Juvenile fiction. | ||
| 650 | _aYoung adult fiction. | ||
| 942 |
_2ddc _cFIC |
||